| 000 | 00456nam a2200133Ia 4500 | ||
|---|---|---|---|
| 008 | 201002s9999 xx 000 0 und d | ||
| 020 | _a978-178-592-662-4 | ||
| 100 | _aMainstone-Cotton, Sonia | ||
| 245 |
_cSonia Mainstone-Cotton _aUsing christian contemplative practice with children/ |
||
| 260 |
_aLondon: _bJessica Kingsley Publishers _c2019 |
||
| 300 |
_a150 pages _c18 cm |
||
| 650 | _aChildren -- Religious life | ||
| 650 | _aMeditation -- Christianity | ||
| 999 |
_c364679 _d364679 |
||